[Event "New York op"]
[Site "New York"]
[Date "1988.??.??"]
[Round "?"]
[White "Rohde, Michael A"]
[Black "Abramovic, Bosko"]
[Result "1-0"]
[WhiteElo "2555"]
[BlackElo "2460"]

1.e4 c5 2.Nf3 e6 3.Nc3 a6 4.d4 cxd4 5.Nxd4 b5 6.Bd3 Bb7 7.O-O Qc7 8.Qe2 Nf6
9.Bg5 Bc5 10.Nb3 Bd6 11.f4 h6 12.Bxf6 gxf6 13.e5 Bc5+ 14.Kh1 f5 15.Bxb5 Rg8
16.Rf3 Bb4 17.Ba4 Bxf3 18.Qxf3 Nc6 19.Nd4 Rc8 20.Nxc6 dxc6 21.Ne2 Bc5 22.a3 Kf8
23.b4 Bb6 24.Ng3 c5 25.Nh5 cxb4 26.axb4 Rg6 27.Bb3 a5 28.bxa5 Bxa5 29.Rd1 Bb4
30.h3 Be7 31.Kh2 Rd8 32.Rxd8+ Qxd8 33.Ba4 Kg8 34.Qb7 Qd5 35.Bc6 Rxg2+ 36.Kh1 Rg1+
37.Kxg1 Bc5+ 38.Kh2 Qd1 39.Qc8+ Kh7 40.Nf6+ Kg6 41.Qg8+  1-0

[Event "New York op"]
[Site "New York"]
[Date "1988.??.??"]
[Round "?"]
[White "Rohde, Michael A"]
[Black "Gutman, Lev"]
[Result "1-0"]
[WhiteElo "2555"]
[BlackElo "2465"]

1.c4 Nf6 2.Nc3 d5 3.cxd5 Nxd5 4.g3 g6 5.Bg2 Nxc3 6.bxc3 Bg7 7.Rb1 Nd7 8.Nf3 O-O
9.O-O Rb8 10.Qa4 b6 11.Qxa7 Bb7 12.Qa4 Ra8 13.Qc2 Nc5 14.d3 e5 15.Be3 Ne6
16.c4 Ra7 17.c5 Qa8 18.cxb6 Rxa2 19.Qb3 cxb6 20.Qxb6 Bd5 21.Rfe1 Ra6 22.Qb5 Ra5
23.Qd7 Rd8 24.Qe7 Re8 25.Qh4 Ra4 26.Qh3 e4 27.dxe4 Bxe4 28.Nd2 Bd5 29.Bxd5 Qxd5
30.Qg2 Qd8 31.Red1 Qa5 32.Ne4 Ra2 33.Nd6 Rf8 34.Qf3 Qa6 35.Rd3 Ra1 36.Rxa1 Qxa1+
37.Kg2 Qa6 38.Ne4 Qa8 39.Rd7 Qc8 40.Rxf7  1-0

[Event "World op"]
[Site "Philadelphia"]
[Date "1988.??.??"]
[Round "?"]
[White "Browne, Walter S"]
[Black "Rohde, Michael A"]
[Result "1/2-1/2"]
[WhiteElo "2530"]
[BlackElo "2555"]

1.d4 Nf6 2.c4 e6 3.Nf3 Bb4+ 4.Nbd2 d5 5.Qa4+ Nc6 6.a3 Bxd2+ 7.Bxd2 Ne4 8.Be3 O-O
9.g3 Qe8 10.cxd5 exd5  1/2-1/2

[Event "Saint John op-1"]
[Site "Saint John"]
[Date "1988.??.??"]
[Round "?"]
[White "Rohde, Michael A"]
[Black "Whitehead, Jay E"]
[Result "1-0"]
[WhiteElo "2555"]
[BlackElo "2440"]

1.Nf3 Nf6 2.c4 b6 3.Nc3 Bb7 4.d4 e6 5.a3 d5 6.cxd5 Nxd5 7.e3 Be7 8.Bb5+ c6
9.Bd3 c5 10.e4 Nxc3 11.bxc3 O-O 12.O-O Qc8 13.Bf4 Ba6 14.d5 exd5 15.Bxa6 Nxa6
16.exd5 Bf6 17.Be5 Bxe5 18.Nxe5 c4 19.d6 Qe6 20.Re1 Nc5 21.Nc6 Qf6 22.Qd4 Kh8
23.Rad1 Nb7 24.Re7 Qxd4 25.Rxd4 Nd8 26.Nxa7 b5 27.g3 g6 28.Rd5 Kg7 29.Nxb5 Kf6
30.Nc7 Ra6 31.Ne8+ Rxe8 32.Rxe8  1-0

[Event "Saint John op-1"]
[Site "Saint John"]
[Date "1988.??.??"]
[Round "?"]
[White "Lputian, Smbat G"]
[Black "Rohde, Michael A"]
[Result "1/2-1/2"]
[WhiteElo "2555"]
[BlackElo "2555"]

1.d4 Nf6 2.c4 e6 3.Nf3 Bb4+ 4.Nbd2 d5 5.Qa4+ Nc6 6.a3 Bxd2+ 7.Bxd2 Ne4 8.Rd1 O-O
9.e3 Bd7 10.Qc2 Be8 11.b4 a6 12.Bc1 f5 13.Be2 Bh5 14.O-O Rf6 15.g3 Bg4 16.Kg2  1/2-1/2

[Event "Saint John op-1"]
[Site "Saint John"]
[Date "1988.??.??"]
[Round "?"]
[White "Damljanovic, Branko"]
[Black "Rohde, Michael A"]
[Result "1-0"]
[WhiteElo "2525"]
[BlackElo "2555"]

1.Nf3 Nf6 2.c4 e6 3.Nc3 Bb4 4.Qc2 O-O 5.a3 Bxc3 6.Qxc3 d6 7.g3 e5 8.Bg2 Nc6
9.b4 Bg4 10.Bb2 Re8 11.O-O d5 12.cxd5 Nxd5 13.Qc5 e4 14.Nd4 Nxd4 15.Qxd4 Nf6
16.Rfe1 c6 17.Rac1 Qxd4 18.Bxd4 Rad8 19.e3 Nd5 20.Rc5 Bf3 21.Bf1 Nc7 22.Re5 Ne6
23.Bc3 b5 24.Bg2 f6 25.Bxf3 exf3 26.Rf5 Rd5 27.e4 Ng5 28.e5 Kf7 29.h4 Kg6
30.g4 h5 31.hxg5 hxg4 32.gxf6 Kxf5 33.f7 Rh8 34.e6 Kg6 35.Re5 Rd6 36.Re4  1-0

[Event "Saint John op-1"]
[Site "Saint John"]
[Date "1988.??.??"]
[Round "?"]
[White "Eingorn, Vereslav S"]
[Black "Rohde, Michael A"]
[Result "1/2-1/2"]
[WhiteElo "2570"]
[BlackElo "2555"]

1.d4 Nf6 2.Nf3 d6 3.c4 g6 4.Nc3 Bf5 5.g3 c6 6.Bg2 Ne4 7.O-O Nxc3 8.bxc3 Bg7
9.Nd2 O-O 10.e4 Bc8 11.a4 c5 12.Nb3 Nc6 13.a5 Rb8 14.Be3 b6 15.axb6 axb6
16.e5 Bb7 17.exd6 exd6 18.Bf4 cxd4 19.cxd4 Ne7  1/2-1/2

[Event "USA-ch"]
[Site "?"]
[Date "1988.??.??"]
[Round "?"]
[White "Rohde, Michael A"]
[Black "Wilder, Michael"]
[Result "1/2-1/2"]
[WhiteElo "2565"]
[BlackElo "2505"]

1.d4 Nf6 2.Nf3 e6 3.c4 b6 4.Nc3 Bb4 5.Bg5 Bb7 6.e3 h6 7.Bh4 Bxc3+ 8.bxc3 d6
9.Nd2 Nbd7 10.f3 Qe7 11.Bd3 g5 12.Bf2 Nh5 13.Qa4 f5 14.h4 Kf7 15.hxg5 hxg5
16.O-O-O a6 17.e4 f4 18.Rh3 Nhf6 19.Rdh1 Rxh3 20.Rxh3 Kg7  1/2-1/2

[Event "USA-ch"]
[Site "?"]
[Date "1988.??.??"]
[Round "?"]
[White "Rohde, Michael A"]
[Black "Fedorowicz, John P"]
[Result "1/2-1/2"]
[WhiteElo "2565"]
[BlackElo "2520"]

1.d4 Nf6 2.Nf3 g6 3.c4 c5 4.Nc3 Bg7 5.e4 O-O 6.Be2 d6 7.O-O Nc6 8.d5 Na5
9.h3 e5 10.Bg5 h6 11.Bd2 b6 12.Nh2 Ne8 13.Qc1 Kh7 14.Qc2 f5 15.f4 exf4 16.Bxf4 Kh8
17.exf5 Bxf5 18.Qd2 g5 19.Be3 Qd7 20.h4 Nf6 21.hxg5 hxg5 22.Bxg5 Rae8 23.Bh6 Nh7
24.b3 Bd4+ 25.Kh1 Rf6 26.Bh5 Rg8 27.Be3 Be5 28.Bf4 Bd4 29.Be3 Be5 30.Bf4 Bd4
31.Nf3 Bh3 32.Nxd4 Bxg2+ 33.Qxg2 Rxg2  1/2-1/2

[Event "USA-ch"]
[Site "?"]
[Date "1988.??.??"]
[Round "?"]
[White "Rohde, Michael A"]
[Black "Alburt, Lev O"]
[Result "0-1"]
[WhiteElo "2565"]
[BlackElo "2525"]

1.g3 Nf6 2.Bg2 c5 3.Nf3 Nc6 4.O-O e5 5.c4 d5 6.cxd5 Nxd5 7.Nc3 Be6 8.b3 Be7
9.Bb2 O-O 10.Rc1 f6 11.e3 Qd7 12.Ne4 Ndb4 13.d4 cxd4 14.a3 Na6 15.b4 Bd5
16.Nxf6+ Bxf6 17.b5 Nab8 18.bxc6 Nxc6 19.Rc5 Bf7 20.exd4 exd4 21.Ng5 Qe7
22.Qd2 Bxg5 23.Qxg5 Qe2 24.Ba1 Rad8 25.Rf5 h6 26.Qc1 Bc4 27.Re1 Rxf5 28.Rxe2 Bxe2
29.Be4 Rf7 30.Qd2 Bf3 31.Bg6 Re7 32.Bb2 Ne5 33.Qf4 Bc6 34.Be4 Ng6  0-1

[Event "USA-ch"]
[Site "?"]
[Date "1988.??.??"]
[Round "?"]
[White "Rohde, Michael A"]
[Black "Kudrin, Sergey"]
[Result "1/2-1/2"]
[WhiteElo "2565"]
[BlackElo "2545"]

1.d4 Nf6 2.Nf3 g6 3.c4 Bg7 4.g3 d5 5.cxd5 Nxd5 6.Bg2 Nb6 7.Nc3 Nc6 8.e3 O-O
9.O-O Re8 10.Re1 a5 11.Nd2 e5 12.d5 Ne7 13.Nb3 a4 14.Nc5 a3 15.e4 axb2 16.Bxb2 Nc4
17.Bc1 b6 18.Bf1 Nd6 19.Nb3 c6 20.dxc6 Nxc6 21.Be3 Be6 22.Nb5 Nxb5 23.Bxb5 Qxd1
24.Rexd1 Rec8 25.Bxb6 Rxa2 26.Rxa2 Bxb3 27.Rda1 Bxa2 28.Rxa2 Rb8 29.Bxc6  1/2-1/2

[Event "USA-ch"]
[Site "?"]
[Date "1988.??.??"]
[Round "?"]
[White "Gulko, Boris F"]
[Black "Rohde, Michael A"]
[Result "1/2-1/2"]
[WhiteElo "2590"]
[BlackElo "2565"]

1.d4 Nc6 2.Nf3 d6 3.d5 Ne5 4.Nxe5 dxe5 5.e4 Nf6 6.Nc3 a6 7.Bg5 e6 8.Bc4 Bd6
9.Qe2 h6 10.Bh4 Bd7 11.dxe6 fxe6 12.a4 O-O 13.O-O Qe8 14.Bxf6 Rxf6 15.g3 Qe7
16.Kg2 Raf8 17.Nd1 Bc6 18.Bd3 Qe8 19.a5 Qg6 20.f3 Bc5 21.Ne3 R6f7  1/2-1/2

[Event "USA-ch"]
[Site "?"]
[Date "1988.??.??"]
[Round "?"]
[White "Frias, Victor J"]
[Black "Rohde, Michael A"]
[Result "1/2-1/2"]
[WhiteElo "2510"]
[BlackElo "2565"]

1.d4 Nf6 2.c4 e6 3.Nc3 Bb4 4.Qc2 c5 5.dxc5 O-O 6.Nf3 Na6 7.a3 Bxc3+ 8.Qxc3 Nxc5
9.e3 b6 10.Be2 Bb7 11.b4 Nce4 12.Qd4 d6 13.Bb2 e5 14.Qd1 Ng4 15.O-O f5 16.h3 Nh6
17.Qb3 Kh8 18.Rad1 Qe7 19.Nh2 Rf6 20.f4 Ng3 21.Rf2 Nxe2+ 22.Rxe2 Rg6 23.fxe5 dxe5
24.Rdd2 Nf7 25.Qd1 Qh4 26.Rd7 Qe4 27.Qc2 Kg8 28.Qxe4 Bxe4 29.Nf1 Bc6 30.Rc7 f4
31.h4 f3 32.Rf2 Rd8 33.Nd2 Nh6 34.e4 Ba8 35.Nxf3 Bxe4 36.Nxe5 Re6 37.Rd2 Rde8
38.Rdd7 Nf5 39.g4 Ne7 40.Rxa7 h5 41.gxh5 Nf5 42.Ng6 Kh7 43.Nf4 Rc6 44.Rac7 Rxc7
45.Rxc7 Ba8 46.Rf7 Be4 47.Kf2 Kh6 48.Bc1 Rc8 49.c5 bxc5 50.Ne6+ Kxh5 51.Nxc5 Bc2
52.Bg5 Kg4 53.a4 Rb8 54.Bd2 Re8 55.Bc3 Bd1 56.Nd3 Re2+ 57.Kg1 Bc2 58.Nf2+ Kf3
59.Nh3 Kg3 60.Nf2 Kf3 61.Bd4 Kg3 62.Nh1+ Kh3 63.Nf2+ Kg3 64.Nh1+  1/2-1/2

[Event "USA-ch"]
[Site "?"]
[Date "1988.??.??"]
[Round "?"]
[White "Dlugy, Maxim"]
[Black "Rohde, Michael A"]
[Result "1/2-1/2"]
[WhiteElo "2545"]
[BlackElo "2565"]

1.d4 d6 2.c4 e5 3.Nf3 e4 4.Ng5 f5 5.Nc3 Nc6 6.g3 Nf6 7.h4 g6 8.e3 Bg7 9.Be2 O-O
10.Nh3 Ng4 11.Nf4 Re8 12.Rb1 Nb4 13.a3 Na6 14.Qc2 c6 15.b4 Bd7 16.Bb2 Qe7
17.Qb3 Qf7 18.Rd1 Rad8 19.b5 Nc7 20.Qb4 Ne6 21.Nxe6  1/2-1/2

[Event "New York op"]
[Site "New York"]
[Date "1989.??.??"]
[Round "1"]
[White "Rohde, Michael A"]
[Black "Bonin, Jay R"]
[Result "1-0"]
[WhiteElo "2540"]
[BlackElo "2400"]

1.d4 Nf6 2.Nf3 e6 3.g3 b6 4.Bg2 Bb7 5.c4 Bb4+ 6.Bd2 Be7 7.Nc3 c5 8.d5 exd5
9.Nh4 Ne4 10.Nf5 O-O 11.Nxd5 Bxd5 12.cxd5 Nd6 13.Nxe7+ Qxe7 14.O-O f5 15.Bf4 Na6
16.Qa4 Nc7 17.Rae1 Nce8 18.f3 g5 19.Bc1 b5 20.Qc2 Nc4 21.e3 Rc8 22.a4 a6
23.b3 Ncd6 24.e4 fxe4 25.fxe4 Rxf1+ 26.Bxf1 Nf5 27.Bb2 c4 28.bxc4 bxc4 29.Qc3 Qc5+
30.Kg2 Nfg7 31.Rc1 Qe7 32.Qe5 Qb4 33.Qd4 Qxa4 34.d6 Qb4 35.Rxc4 Rxc4 36.Bxc4+ Kh8
37.Qe5 Qb8 38.Bf7  1-0

[Event "New York exh"]
[Site "New York"]
[Date "1989.??.??"]
[Round "1"]
[White "Rohde, Michael A"]
[Black "Byrne, Robert E"]
[Result "0-1"]
[WhiteElo "2540"]
[BlackElo "2465"]

1.d4 Nf6 2.c4 g6 3.Nc3 Bg7 4.e4 d6 5.Nf3 O-O 6.Be2 Nc6 7.d5 Nb4 8.O-O c6
9.h3 Bd7 10.Be3 a5 11.Qb3 Qb8 12.Rfe1 e6 13.a3 Na6 14.dxe6 Bxe6 15.Rad1 b5
16.Nd4 Nc5 17.Qc2 Bxc4 18.Nxc6 Qe8 19.Bxc4 bxc4 20.Bxc5 dxc5 21.Nd5 Kh8 22.Nce7 Ra7
23.e5 Nh5 24.Nf5 Bxe5 25.f4 Nxf4 26.Nxf4 gxf5 27.Kh1 Qb8 28.Qxf5 f6  0-1

[Event "New York exh"]
[Site "New York"]
[Date "1989.??.??"]
[Round "2"]
[White "Byrne, Robert E"]
[Black "Rohde, Michael A"]
[Result "1-0"]
[WhiteElo "2465"]
[BlackElo "2540"]

1.e4 Nf6 2.e5 Nd5 3.d4 d6 4.Nf3 dxe5 5.Nxe5 Nd7 6.Nf3 g6 7.c4 N5f6 8.Nc3 Bg7
9.g3 O-O 10.Bg2 Nb6 11.b3 e5 12.dxe5 Qxd1+ 13.Nxd1 Ng4 14.Bb2 Nd7 15.e6 Re8
16.O-O Rxe6 17.Bxg7 Kxg7 18.Nd4 Re8 19.Nb5 Rd8 20.Nxc7 Rb8 21.Nc3 Ndf6 22.Rad1 Bd7
23.h3 Ne5 24.Rfe1 Nc6 25.Rd6 Rbc8 26.N7b5 a6 27.Nd4 Nxd4 28.Rxd4 b5 29.Red1 Re8
30.Bb7 Rc7 31.Bxa6 bxc4 32.Bxc4 Bxh3 33.a4 Ng4 34.Nd5 Rb7 35.Nf4 Ne5 36.Nxh3 Nf3+
37.Kg2  1-0

[Event "New York op"]
[Site "New York"]
[Date "1989.??.??"]
[Round "5"]
[White "Rohde, Michael A"]
[Black "Gulko, Boris F"]
[Result "0-1"]
[WhiteElo "2540"]
[BlackElo "2610"]

1.e4 e6 2.d4 d5 3.Nc3 Nf6 4.e5 Nfd7 5.f4 c5 6.Nf3 Nc6 7.Be3 a6 8.Qd2 b5 9.dxc5 Bxc5
10.Bxc5 Nxc5 11.Bd3 b4 12.Ne2 Qb6 13.Ned4 Nxd4 14.Nxd4 a5 15.Bb5+ Bd7 16.Bxd7+ Nxd7
17.O-O O-O 18.Rae1 Rac8 19.f5 exf5 20.Kh1 g6 21.e6 fxe6 22.Rxe6 Qc5 23.Rfe1 Nf6
24.Nxf5 Ne4 25.R6xe4 dxe4 26.Ne3 Rcd8 27.Qe2 Qd4 28.b3 Qd2 29.h3 Qxe2 30.Rxe2 Rd4
31.Kg1 Rf6 32.Nc4 a4 33.a3 bxa3 34.Nxa3 Rd1+ 35.Kh2 Ra1 36.Nb5 a3 37.c4 Ra6
38.Nc3 Rc1 39.Na4 Rb1 40.Ra2 e3 41.Re2 Rxb3 42.Nc5 Rb2  0-1

[Event "New York op"]
[Site "New York"]
[Date "1989.??.??"]
[Round "7"]
[White "Rohde, Michael A"]
[Black "Djuric, Stefan"]
[Result "1-0"]
[WhiteElo "2540"]
[BlackElo "2475"]

1.Nf3 Nf6 2.c4 g6 3.Nc3 Bg7 4.e4 O-O 5.d4 d6 6.Be2 e5 7.O-O Qe7 8.Bg5 Nbd7
9.Qc2 h6 10.Bh4 c6 11.Rad1 g5 12.Bg3 Nh5 13.b4 Nxg3 14.hxg3 Nf6 15.dxe5 dxe5
16.c5 a5 17.a3 axb4 18.axb4 Be6 19.Nxe5 Ra3 20.Nc4 Bxc4 21.Bxc4 Ng4 22.Nb1 Ra1
23.Be2 h5 24.Nd2 Ra3 25.Nc4 Rc3 26.Qb1 Ra8 27.Nd6 Qe6 28.Rd3 Qe5 29.Nxb7 Raa3
30.Rd8+ Kh7 31.Bxg4 hxg4 32.Nd6 Rcb3 33.Qd1 Qe6 34.Re8 Qd7 35.e5 Rb2 36.Qc1 Raa2
37.Qxg5 Rxb4 38.Nf5  1-0

[Event "New York op"]
[Site "New York"]
[Date "1989.??.??"]
[Round "8"]
[White "Ivanov, Alexander"]
[Black "Rohde, Michael A"]
[Result "1-0"]
[WhiteElo "2470"]
[BlackElo "2540"]

1.e4 c5 2.Nf3 d6 3.Nc3 Nf6 4.g3 e5 5.Bg2 g6 6.d3 Bg7 7.O-O O-O 8.a3 Nc6 9.Rb1 h6
10.b4 b6 11.Nd5 Nxd5 12.exd5 Nd4 13.bxc5 bxc5 14.Nd2 Bd7 15.c3 Nb5 16.Bb2 Qa5
17.Nc4 Qa6 18.Qc2 Rab8 19.Ba1 Bf5 20.Qe2 Rfe8 21.Rfe1 h5 22.Qd2 Kh7 23.Rb3 Nc7
24.Rxb8 Rxb8 25.Bb2 Ne8 26.Bf1 Bh6 27.Qd1 Nf6 28.Bg2 e4 29.Bf1 Bg4 30.Qc2 exd3
31.Qxd3 Qb7 32.Bc1 Qb1 33.Bd2 Qxd3 34.Bxd3 Bxd2 35.Nxd2 Nxd5 36.c4 Nc3 37.Re7 Rb2
38.Ne4 Nxe4 39.Bxe4 Be6 40.Bd5 Bxd5 41.cxd5 Kg7 42.Rd7 Rb6 43.Kg2 Ra6 44.Kh3 Kf8
45.f4 Ke8 46.Rb7 Rxa3 47.Rb8+ Ke7 48.Rb7+ Kf6 49.Rd7 Ra6 50.Kh4 c4 51.h3 c3
52.Rc7 Ra5 53.Rxc3 Rxd5 54.Rc7 a5 55.Ra7 Rf5 56.Rd7 d5 57.Ra7 d4 58.Rd7 a4
59.Rd6+ Ke7 60.Ra6 Rd5 61.Rxa4 d3 62.Ra1 d2 63.Rd1 Kf6 64.g4 Rd3 65.gxh5 gxh5
66.Kxh5 Kf5 67.h4 Rd6  1-0

[Event "World op 5'"]
[Site "Philadelphia"]
[Date "1989.??.??"]
[Round "?"]
[White "Gurevich, Mikhail"]
[Black "Rohde, Michael A"]
[Result "0-1"]
[WhiteElo "2590"]
[BlackElo "2540"]

1.d4 Nc6 2.d5 Ne5 3.e4 e6 4.dxe6 dxe6 5.Qxd8+ Kxd8 6.Bf4 Ng6 7.Be3 Nf6 8.Nc3 Ng4
9.Bd2 Bc5 10.Nh3 Bd7 11.Be2 Nf6 12.O-O-O Ke7 13.f4 Bc6 14.Bd3 Nh4 15.e5 Nd5
16.Ne4 Be3 17.c4 Bxd2+ 18.Rxd2 Nb4 19.Bb1 Nxa2+ 20.Kd1 Rhd8 21.g3 Nf3 22.Rxd8 Rxd8+
23.Ke2 Nd4+ 24.Kf2 Nb4 25.Rc1 Nb3 26.Rc3 Nd2 27.Nxd2 Rxd2+ 28.Ke3 Rxb2 29.Bxh7 Rxh2
30.Ng5 Rg2 31.Ne4 a6 32.Kd4 b6 33.Ng5 Nc2+ 34.Kd3 Ne1+ 35.Kd4 a5 36.Bg8 a4
37.Bxf7 Bd7 38.c5  0-1

[Event "World op"]
[Site "Philadelphia"]
[Date "1989.??.??"]
[Round "3"]
[White "Meyer, John C"]
[Black "Rohde, Michael A"]
[Result "1/2-1/2"]
[WhiteElo "2335"]
[BlackElo "2540"]

1.d4 Nf6 2.Nf3 e6 3.c4 Bb4+ 4.Bd2 a5 5.e3 b6 6.Bd3 Bb7 7.Nc3 O-O 8.O-O d5
9.cxd5 exd5 10.Ne5 Re8 11.a3 Bxc3 12.Bxc3 Ba6 13.b4 Bxd3 14.Qxd3 Ne4 15.b5 c6
16.Nf3 Nd7 17.Rfc1 Nf8 18.Be1 Qd7  1/2-1/2

[Event "San Mateo rapid"]
[Site "San Mateo"]
[Date "1989.??.??"]
[Round "?"]
[White "Glueck, David"]
[Black "Rohde, Michael A"]
[Result "1-0"]
[WhiteElo "2390"]
[BlackElo "2540"]

1.e4 c5 2.Nf3 d6 3.d4 cxd4 4.Qxd4 a6 5.Be3 Nf6 6.Nc3 Nc6 7.Qd2 e6 8.O-O-O Be7
9.Bf4 Ng4 10.h3 Nge5 11.Nd4 Qc7 12.Nxc6 bxc6 13.Bg5 Bxg5 14.Qxg5 O-O 15.f4 Ng6
16.Bd3 Qb6 17.Qg3 Rb8 18.f5 Ne5 19.f6 g6 20.Qg5 Qxb2+ 21.Kd2 Qb6 22.Rhf1 Nd7
23.Qh6 Nxf6 24.Rxf6 Qb4 25.Rdf1 e5 26.Qe3  1-0

[Event "USA Masters"]
[Site "Chicago"]
[Date "1990.??.??"]
[Round "4"]
[White "Stone, Raymond"]
[Black "Rohde, Michael A"]
[Result "0-1"]
[WhiteElo "2345"]
[BlackElo "2555"]

1.d4 Nf6 2.c4 e6 3.Nf3 Bb4+ 4.Bd2 a5 5.g3 d6 6.Bg2 Nbd7 7.O-O e5 8.Nc3 O-O
9.Nd5 Bxd2 10.Qxd2 Re8 11.dxe5 dxe5 12.Rfd1 h6 13.Ne1 c6 14.Nxf6+ Qxf6 15.Bh3 Nf8
16.Bxc8 Rexc8 17.Qe3 Re8 18.Nc2 Ne6 19.Rd7 Qf5 20.Rd2 b5 21.cxb5 cxb5 22.Qd3 e4
23.Qe3 Ng5 24.Rad1 Rac8 25.h4 Nh7 26.Nd4 Qh3 27.Qf4 e3 28.fxe3 Nf6 29.Rf1 Ng4
30.Qxf7+ Kh8 31.Nf3  0-1

[Event "USA Masters"]
[Site "Chicago"]
[Date "1990.??.??"]
[Round "5"]
[White "Rohde, Michael A"]
[Black "Morris, Walter D"]
[Result "1-0"]
[WhiteElo "2555"]
[BlackElo "2345"]

1.d4 Nf6 2.c4 g6 3.Nc3 Bg7 4.e4 d6 5.Nge2 O-O 6.Ng3 c5 7.d5 e6 8.Bd3 exd5
9.cxd5 b6 10.O-O Ba6 11.Bxa6 Nxa6 12.f4 Nc7 13.a4 a6 14.Be3 Qd7 15.Kh1 h5
16.Qf3 Qg4 17.Rad1 Rad8 18.f5 Qxf3 19.gxf3 Rfe8 20.Rg1 Kh7 21.Bg5 Rd7 22.Rg2 b5
23.Rdg1 bxa4 24.Nxa4 Nb5 25.Nb6 Rb7 26.Nc4 Nd7 27.f4 Bd4 28.Rf1 Nb6 29.Na5 Rc7
30.fxg6+ fxg6 31.Nc6 Be3 32.Rf3 Bd4 33.f5 Rg8 34.Ne7  1-0

[Event "USA Masters"]
[Site "Chicago"]
[Date "1990.??.??"]
[Round "7"]
[White "Donaldson, John W"]
[Black "Rohde, Michael A"]
[Result "0-1"]
[WhiteElo "2400"]
[BlackElo "2555"]

1.Nf3 d6 2.d4 Nf6 3.Nc3 Bf5 4.Nh4 Bd7 5.e4 e5 6.Nf3 Nc6 7.h3 g6 8.dxe5 Nxe5
9.Nxe5 dxe5 10.Bc4 Bg7 11.Be3 O-O 12.O-O Qe7 13.Nd5 Nxd5 14.Qxd5 c6 15.Qd2 Rad8
16.Bg5 Bf6 17.Bxf6 Qxf6 18.Qe3 b6 19.Rad1 Bc8 20.c3 Kg7 21.Rxd8 Rxd8 22.f4 Be6
23.Bxe6 exf4 24.Qxf4 Qxe6 25.e5 Re8 26.b3 Kg8 27.Qf6 Qd7 28.Qf4 Re6 29.Rf3 b5
30.Qd4 Qc7 31.Re3 Qe7 32.b4 a6 33.Kh1 Qg5 34.Re4 Re8 35.Kh2 h5 36.Qe3 Qf5
37.Qd4 Re6 38.Qd8+ Kg7 39.Qd4 g5 40.a3 Kg6 41.h4 gxh4 42.Re3 Qg4 43.Qd3+ Kg7
44.Re4 Qg5 45.Kh1 Rxe5 46.Qd4 f6 47.Rxe5 Qxe5 48.Qd7+ Kg6 49.Qxc6 Qe1+ 50.Kh2 Qg3+
51.Kh1 h3 52.gxh3 Qxh3+ 53.Kg1 Qg3+ 54.Kh1 h4 55.Qe8+ Kg5 56.Qg8+ Kf4 57.Qb8+ Kf3
58.Qb7+ Kf2 59.Qb6+ Qe3 60.Qxf6+  0-1

[Event "New York op"]
[Site "New York"]
[Date "1990.??.??"]
[Round "3"]
[White "Rohde, Michael A"]
[Black "Gurevich, Dmitry"]
[Result "1-0"]
[WhiteElo "2555"]
[BlackElo "2470"]

1.Nf3 g6 2.e4 d6 3.d4 Nf6 4.Bd3 Bg7 5.O-O O-O 6.Bg5 Nc6 7.Nbd2 h6 8.Bh4 Nh5
9.d5 Nb8 10.c3 Qe8 11.Re1 e5 12.dxe6 Bxe6 13.Nd4 Nf4 14.Nxe6 fxe6 15.Nc4 Nc6
16.Bg3 b5 17.Ne3 Ne5 18.Bf1 Rb8 19.Rc1 g5 20.b4 Qg6 21.f3 h5 22.c4 Nh3+ 23.gxh3 Nxf3+
24.Kh1 Nxe1 25.Qxe1 bxc4 26.Rxc4 Rf7 27.Bg2 Rbf8 28.Qe2 Ba1 29.Nc2 Bb2 30.Nd4 d5
31.exd5 Qb1+ 32.Be1 Rf2 33.Qxe6+ R8f7 34.Qe8+ Rf8 35.Qe6+ R8f7 36.d6 Rf6
37.dxc7 Qd3 38.c8=Q+ Kg7 39.Qe2 Rf1+ 40.Bxf1 Rxf1+ 41.Kg2 Rg1+ 42.Kxg1 Bxd4+
43.Rxd4  1-0

[Event "New York op"]
[Site "New York"]
[Date "1990.??.??"]
[Round "4"]
[White "Henley, Ron W"]
[Black "Rohde, Michael A"]
[Result "0-1"]
[WhiteElo "2490"]
[BlackElo "2555"]

1.d4 Nf6 2.c4 c5 3.d5 g6 4.Nc3 Bg7 5.e4 d6 6.Bd3 O-O 7.h3 a6 8.a4 e6 9.Nf3 exd5
10.cxd5 Re8 11.O-O Nbd7 12.Re1 Ne5 13.Nxe5 Rxe5 14.Bf4 Re8 15.Bh2 b6 16.Bc4 Ra7
17.Qd3 Nh5 18.g4 Nf6 19.Qg3 Nd7 20.Bf1 Be5 21.f4 Bd4+ 22.Kh1 g5 23.fxg5 Qxg5
24.Qxd6 Ne5 25.Ne2 Bxb2 26.Rab1 Nd3 27.Ng3 Be5 28.Qxb6 Nxe1 29.Rxe1 Rb7 30.Qc6 Rf8
31.Nh5 Bxg4 32.hxg4  0-1

[Event "New York op"]
[Site "New York"]
[Date "1990.??.??"]
[Round "8"]
[White "Ernst, Thomas"]
[Black "Rohde, Michael A"]
[Result "0-1"]
[WhiteElo "2440"]
[BlackElo "2555"]

1.e4 Nc6 2.Nf3 d6 3.d4 Nf6 4.Nc3 a6 5.Bg5 h6 6.Bh4 g5 7.Bg3 g4 8.Nh4 Nh5
9.Be2 Nxg3 10.hxg3 h5 11.Nb1 Bg7 12.c3 e5 13.d5 Ne7 14.c4 Ng6 15.Nc3 Nxh4
16.Rxh4 Qg5 17.Bd3 Bd7 18.Qc2 Bf6 19.Ne2 Qg6 20.Rh1 Bg5 21.c5 Kf8 22.Qb3 Bc8
23.cxd6 cxd6 24.f4 gxf3 25.gxf3 Qf6 26.Bc2 h4 27.f4 hxg3 28.Rxh8+ Qxh8 29.fxg5 Qh1+
30.Kd2 Qxa1 31.Qb6 Bg4 32.Nxg3 Rc8 33.g6 Rxc2+ 34.Kxc2 Qd1+ 35.Kc3 Qe1+ 36.Kc4 Qxg3
37.Qxd6+ Kg7 38.gxf7 Be2+ 39.Kb4 Qe1+ 40.Ka3 Qa5+ 41.Kb3 Bd1+ 42.Kc4 Qa4+  0-1

[Event "World op"]
[Site "Philadelphia"]
[Date "1990.??.??"]
[Round "2"]
[White "Rohde, Michael A"]
[Black "Castro Rojas, Oscar Humberto"]
[Result "1-0"]
[WhiteElo "2555"]
[BlackElo "2320"]

1.Nf3 f5 2.e4 fxe4 3.Ng5 e5 4.d4 exd4 5.Nxe4 Nc6 6.Bc4 Nf6 7.Bg5 Be7 8.Nxf6+ Bxf6
9.Qh5+ g6 10.Qe2+ Be7 11.Bd5 Rf8 12.h4 Rf5 13.Bxc6 dxc6 14.Nd2 h6 15.g4 Rf7
16.h5 Qd5 17.Ne4 hxg5 18.hxg6 Rf4 19.Rh8+ Kd7 20.f3 b6 21.g7 Bb7 22.O-O-O c5
23.Re1 Qf7 24.Ng3 Qxg7 25.Qe6+  1-0

[Event "World op"]
[Site "Philadelphia"]
[Date "1990.??.??"]
[Round "6"]
[White "Rohde, Michael A"]
[Black "Gurevich, Dmitry"]
[Result "1-0"]
[WhiteElo "2555"]
[BlackElo "2470"]

1.Nf3 Nf6 2.c4 c5 3.Nc3 b6 4.e3 Bb7 5.d4 cxd4 6.exd4 e6 7.a3 d5 8.cxd5 Nxd5
9.Ne5 a6 10.Qf3 Qe7 11.Ne4 Qc7 12.Bd3 Nc6 13.Nxc6 Bxc6 14.O-O Be7 15.Re1 O-O
16.Qh3 f5 17.Ng5 Bxg5 18.Bxg5 Qd7 19.Qg3 Bb5 20.Bxb5 axb5 21.Qe5 Kf7 22.Rac1 Rac8
23.h3 Rxc1 24.Rxc1 Rc8 25.Rxc8 Qxc8 26.Qe2 h6 27.Be3 Qc6 28.Qd2 Qc4 29.Bf4 b4
30.Be5 b3 31.Qd1 g6 32.Kh2 Qc2 33.Qf1 Qxb2 34.Qa6 Qc3 35.Qb7+ Ke8 36.Qb8+ Kf7
37.Bd6 e5 38.dxe5 Qc6 39.Qf8+ Ke6 40.Qxh6 Nf4 41.Qxf4 b2 42.Qb4 Qc2 43.Bf8 Kd5
44.Qb5+ Kd4 45.e6 b1=Q 46.Bg7+ Ke4 47.Qe5+ Kd3 48.e7 Qcc1 49.Qd6+ Ke2 50.e8=Q+ Kf1
51.Qe3 Qcc2 52.Qdd2  1-0

[Event "World op"]
[Site "Philadelphia"]
[Date "1990.??.??"]
[Round "9"]
[White "Byrne, Robert E"]
[Black "Rohde, Michael A"]
[Result "0-1"]
[WhiteElo "2460"]
[BlackElo "2555"]

1.e4 c5 2.Nf3 Nc6 3.d4 cxd4 4.Nxd4 Qb6 5.Nb3 Nf6 6.Nc3 e6 7.Bd3 Be7 8.O-O O-O
9.Bg5 h6 10.Be3 Qc7 11.f4 d6 12.Nb5 Qb8 13.c4 Nb4 14.Bb1 a6 15.N5d4 e5 16.Nf5 Bxf5
17.exf5 b5 18.fxe5 dxe5 19.Nd2 bxc4 20.Nxc4 e4 21.Qe2 Rd8 22.Bf2 Qb7 23.Re1 Nd3
24.Bxd3 Rxd3 25.Nd2 Bb4 26.Nxe4 Bxe1 27.Qxd3 Bxf2+ 28.Nxf2 Qxb2 29.Qb1 Qe5
30.a4 Rb8 31.Qf1 Rb2 32.Rb1 Ra2 33.Qxa6 Rxf2 34.Qc8+ Kh7 35.Kxf2 Qd4+  0-1

[Event "Washington op"]
[Site "Washington"]
[Date "1990.??.??"]
[Round "?"]
[White "Rohde, Michael A"]
[Black "Ivanov, Alexander"]
[Result "0-1"]
[WhiteElo "2555"]
[BlackElo "2520"]

1.Nf3 Nf6 2.c4 b6 3.Nc3 Bb7 4.d4 e6 5.a3 d5 6.cxd5 exd5 7.g3 c5 8.Bf4 Be7
9.Nb5 Na6 10.Bg2 O-O 11.O-O Ne4 12.Rc1 Qe8 13.a4 h6 14.Ne5 g5 15.Be3 f6 16.Ng4 Kg7
17.f3 Nd6 18.dxc5 bxc5 19.Bxc5 Nxc5 20.Nc7 Qd7 21.Nxa8 Ne6 22.e4 d4 23.e5 Nf5
24.Qd3 fxe5 25.Nxe5 Qd6 26.Rfe1 Bxa8 27.Bh3 Nc5 28.Rxc5 Qxc5 29.Bxf5 Bd6
30.Bh7 Bxe5 31.b4 Qd6 32.Be4 Qxb4 33.Rb1 Bxe4 34.Qxe4 Qd6 35.Rb5 Bf6 36.a5 Rf7
37.Rd5 Qc7 38.Kg2 Qc8  0-1

[Event "Washington op"]
[Site "Washington"]
[Date "1990.??.??"]
[Round "?"]
[White "Rohde, Michael A"]
[Black "Gurevich, Dmitry"]
[Result "1-0"]
[WhiteElo "2555"]
[BlackElo "2470"]

1.c4 c5 2.Nc3 b6 3.e3 Bb7 4.d4 cxd4 5.exd4 Nf6 6.d5 g6 7.Nf3 Bg7 8.Be2 O-O
9.O-O d6 10.Nd4 Nbd7 11.Bf4 Rc8 12.Ncb5 a6 13.Na7 Rc7 14.Nac6 Qe8 15.Re1 Bxc6
16.Nxc6 Nb8 17.Bf3 Nxc6 18.dxc6 Qc8 19.Be3 b5 20.cxb5 axb5 21.a4 b4 22.Qc2 d5
23.Rac1 e5 24.Bb6 e4 25.Be2 Re8 26.Qc5 Bf8 27.Qd4 Re6 28.Bxc7 Qxc7 29.a5 Rxc6
30.Rxc6 Qxc6 31.a6 Bc5 32.Rc1 Nd7 33.Bf1 Qb6 34.Qxd5 Bxf2+ 35.Kh1 Nf6 36.Rc8+ Kg7
37.Qd8 Ng4 38.Qxb6 Bxb6 39.g3 Nf2+ 40.Kg2 Nd1 41.Rb8 Bc5 42.Be2 Ne3+ 43.Kh1 Nf5
44.Rb7 Nd4 45.Bc4  1-0

[Event "Washington op"]
[Site "Washington"]
[Date "1990.??.??"]
[Round "?"]
[White "Thomas, Ian"]
[Black "Rohde, Michael A"]
[Result "0-1"]
[WhiteElo "2345"]
[BlackElo "2555"]

1.d4 Nf6 2.e3 d6 3.f4 g6 4.Nf3 Bg7 5.Bd3 Nc6 6.O-O e5 7.Nc3 O-O 8.a3 exf4
9.exf4 Ne7 10.Ne2 Nf5 11.h3 c5 12.c3 Re8 13.Re1 Nd5 14.Qb3 Nde3 15.Ng5 Qc7
16.Bxe3 Nxe3 17.Ng3 d5 18.Bb5 Re7 19.Nf3 c4 20.Qb4 Bf8 21.Qc5 Qxf4 22.Kf2 Ng4+
23.hxg4  0-1